UITU Library & LRC     

A Factor Management System (Record no. 31712)

MARC details
000 -LEADER
fixed length control field 00405nam a2200133Ia 4500
008 - FIXED-LENGTH DATA ELEMENTS--GENERAL INFORMATION
fixed length control field 260210s9999 xx 000 0 und d
024 ## - OTHER STANDARD IDENTIFIER
Standard number or code 01B-BCS-037 & 01B-BCS-031
082 ## - DEWEY DECIMAL CLASSIFICATION NUMBER
Classification number 658.5072 MAH
100 ## - MAIN ENTRY--PERSONAL NAME
Personal name Mahvish Ahmed & Muniza Naz Yousuf
245 #2 - TITLE STATEMENT
Title A Factor Management System
260 ## - PUBLICATION, DISTRIBUTION, ETC.
Place of publication, distribution, etc. Karachi:
Name of publisher, distributor, etc. UITU,
Date of publication, distribution, etc. 2001
600 ## - SUBJECT ADDED ENTRY--PERSONAL NAME
Personal name Computer Science
650 ## - SUBJECT ADDED ENTRY--TOPICAL TERM
Topical term or geographic name entry element Bachelor of Computer Science (BS)

No items available.

Powered by Koha